[Event "Titled Tuesday intern op 04th Mar Early"]
[Site "Chess.com INT"]
[Date "2025.03.04"]
[Round "9"]
[White "Crevatin, Leo"]
[Black "Williams, Peter A"]
[Result "0-1"]
[WhiteElo "2274"]
[BlackElo "2238"]
[PlyCount "110"]
[EventDate "2025.03.04"]
[EventType "swiss (blitz)"]
[EventRounds "11"]
[EventCountry "USA"]
[SourceTitle "CB11_2025"]
[SourceDate "2025.03.12"]
[SourceVersion "1"]
[SourceVersionDate "2025.03.12"]
[SourceQuality "1"]

1. d4 d5 2. Nf3 Nf6 3. c4 dxc4 4. e3 Bg4 5. Bxc4 e6 6. 0-0 Nbd7 7. Nc3 Bd6 8. h3 Bh5 9. Be2 e5 10. dxe5 Nxe5 11. Nxe5 Bxe2 12. Qxe2 Bxe5 13. Rd1 Qe7 14. f4 Bxc3 15. bxc3 0-0 16. a4 Ne4 17. Ba3 c5 18. Qf3 Nxc3 19. Rdc1 Nxa4 20. f5 Rfe8 21. Re1 b5 22. e4 Qe5 23. Rad1 Rad8 24. Bc1 Qc3 25. e5 Qxf3 26. gxf3 Nc3 27. Rxd8 Rxd8 28. e6 fxe6 29. fxe6 Re8 30. Bd2 Nd5 31. Re5 Nb6 32. Rxc5 Nc4 33. Bc3 Rxe6 34. Rxb5 Kf7 35. Rb7+ Re7 36. Rxe7+ Kxe7 37. Bxg7 a5 38. Kf2 Ke6 39. Ke2 Kf5 40. Bc3 a4 41. h4 a3 42. Kd3 Ne5+ 43. Kc2 Nxf3 44. h5 Kg5 45. h6 Kxh6 46. Kb3 Kg5 47. Kxa3 h5 48. Bb4 Kg4 49. Kb3 h4 50. Bd6 Kh3 51. Kc2 Kg2 52. Kd3 h3 53. Ke2 Ng5 54. Ke1 Ne4 55. Ke2 Ng3+ 0-1

[Event "Titled Tuesday intern op 04th Mar Early"]
[Site "Chess.com INT"]
[Date "2025.03.04"]
[Round "4"]
[White "Sahib, Singh"]
[Black "Williams, Peter A"]
[Result "1-0"]
[WhiteElo "2430"]
[BlackElo "2238"]
[PlyCount "137"]
[EventDate "2025.03.04"]
[EventType "swiss (blitz)"]
[EventRounds "11"]
[EventCountry "USA"]
[SourceTitle "CB11_2025"]
[SourceDate "2025.03.12"]
[SourceVersion "1"]
[SourceVersionDate "2025.03.12"]
[SourceQuality "1"]

1. Nf3 d5 2. b3 a5 3. a4 Nf6 4. Bb2 g6 5. e3 Bg7 6. Be2 0-0 7. 0-0 Bg4 8. Ne5 Bxe2 9. Qxe2 Nbd7 10. f4 Ne4 11. d3 Nd6 12. Nd2 c6 13. Kh1 Qc7 14. Rae1 b5 15. Nxd7 Qxd7 16. Bxg7 Kxg7 17. Qd1 bxa4 18. Qa1+ Kg8 19. Qxa4 Nb5 20. Nf3 Nc3 21. Qa1 Nb5 22. Ne5 Qc7 23. f5 c5 24. c4 dxc4 25. bxc4 Nd6 26. Ng4 f6 27. e4 Nf7 28. Re3 Qd6 29. Rg3 Kg7 30. fxg6 hxg6 31. Ne3 Nh6 32. Nf5+ Nxf5 33. exf5 g5 34. Rxg5+ Kf7 35. Rh5 Rh8 36. Qd1 a4 37. Qg4 Rag8 38. Qh3 Rxh5 39. Qxh5+ Kf8 40. Qd1 Rh8 41. h3 Qc6 42. Kg1 a3 43. Qb3 Rg8 44. Rf2 Qa8 45. Ra2 Rg3 46. Kh2 Rg5 47. g4 Qf3 48. Qb8+ Kf7 49. Qg3 Qa8 50. Qg2 Qb8+ 51. Kg1 Qb1+ 52. Kh2 Qxd3 53. Qd5+ Qxd5 54. cxd5 Rg8 55. Rxa3 Rd8 56. Rd3 c4 57. Rd4 c3 58. Rc4 Rxd5 59. Rxc3 Rd7 60. Re3 Rd2+ 61. Kg3 Rd8 62. h4 Rd4 63. g5 fxg5 64. hxg5 Rc4 65. Rf3 Rd4 66. Rf4 Rd3+ 67. Kg4 Kg7 68. Re4 Rd8 69. Rxe7+ 1-0

[Event "Titled Tuesday intern op 25th Feb Early"]
[Site "Chess.com INT"]
[Date "2025.02.25"]
[Round "8"]
[White "Ajay Santhosh, Parvathareddy"]
[Black "Williams, Peter A"]
[Result "0-1"]
[WhiteElo "2245"]
[BlackElo "2238"]
[PlyCount "30"]
[EventDate "2025.02.25"]
[EventType "swiss (blitz)"]
[EventRounds "11"]
[EventCountry "USA"]
[SourceTitle "CB10_2025"]
[SourceDate "2025.03.05"]
[SourceVersion "1"]
[SourceVersionDate "2025.03.05"]
[SourceQuality "1"]

1. d4 d5 2. c4 dxc4 3. e3 e5 4. Bxc4 exd4 5. Nf3 Nf6 6. 0-0 Be7 7. Qb3 0-0 8. Ne5 Qe8 9. exd4 Nc6 10. Re1 Nxd4 11. Qc3 Bc5 12. Nxf7 Qxe1+ 13. Qxe1 Rxf7 14. Bxf7+ Kxf7 15. Qc3 Ne2+ 0-1

[Event "Titled Tuesday intern op 25th Feb Early"]
[Site "Chess.com INT"]
[Date "2025.02.25"]
[Round "5"]
[White "Fernandez Siles, Luis"]
[Black "Williams, Peter A"]
[Result "0-1"]
[WhiteElo "2189"]
[BlackElo "2238"]
[PlyCount "42"]
[EventDate "2025.02.25"]
[EventType "swiss (blitz)"]
[EventRounds "11"]
[EventCountry "USA"]
[SourceTitle "CB10_2025"]
[SourceDate "2025.03.05"]
[SourceVersion "1"]
[SourceVersionDate "2025.03.05"]
[SourceQuality "1"]

1. e4 Nf6 2. e5 Nd5 3. c4 Nb6 4. a4 a5 5. Ra3 d6 6. exd6 exd6 7. Rg3 d5 8. c5 Bxc5 9. Rxg7 Qf6 10. Qe2+ Be6 11. Rg3 Nc6 12. Nf3 0-0-0 13. d4 Nxd4 14. Nxd4 Bxd4 15. Bg5 Qf5 16. Nc3 Rde8 17. Be3 Bxe3 18. fxe3 d4 19. Nb5 Bc4 20. Qd1 dxe3 21. Be2 Qf2# 0-1

[Event "Titled Tuesday intern op 25th Feb Early"]
[Site "Chess.com INT"]
[Date "2025.02.25"]
[Round "10"]
[White "Williams, Peter A"]
[Black "Fiorito, Joaquin"]
[Result "0-1"]
[WhiteElo "2238"]
[BlackElo "2402"]
[PlyCount "120"]
[EventDate "2025.02.25"]
[EventType "swiss (blitz)"]
[EventRounds "11"]
[EventCountry "USA"]
[SourceTitle "CB10_2025"]
[SourceDate "2025.03.05"]
[SourceVersion "1"]
[SourceVersionDate "2025.03.05"]
[SourceQuality "1"]

1. f4 Nf6 2. Nf3 g6 3. d3 d5 4. c3 Bg7 5. Qc2 0-0 6. e4 c5 7. Be2 Nc6 8. 0-0 c4 9. e5 cxd3 10. Bxd3 Qb6+ 11. Qf2 Qxf2+ 12. Rxf2 Ne4 13. Re2 Bf5 14. Bxe4 Bxe4 15. Ng5 Bf5 16. Be3 Rfd8 17. Rd2 Na5 18. Na3 h6 19. Nf3 Be4 20. Nd4 a6 21. Ne2 e6 22. Bb6 Nc6 23. Bxd8 Rxd8 24. Ng3 Bf5 25. Nxf5 gxf5 26. Rad1 Bf8 27. Nc2 h5 28. Nd4 Na5 29. b3 Rc8 30. Rd3 Kh7 31. Rh3 Bh6 32. Rxh5 Kg6 33. Rh3 Bxf4 34. Re1 Bd2 35. Rg3+ Kh7 36. Rh3+ Kg8 37. Rg3+ Kf8 38. Rd1 Bxc3 39. Nf3 Bb4 40. Rh3 Ke7 41. Rh7 Nc6 42. h3 d4 43. h4 Rd8 44. Rd3 Bc5 45. h5 Nb4 46. Rd1 d3+ 47. Kh1 Nc2 48. Ng5 Ne3 49. Rxf7+ Ke8 50. h6 Rd4 51. Rxd3 Rh4+ 52. Nh3 Kxf7 53. Rc3 b6 54. b4 Nd5 55. Rc1 Bxb4 56. Rc8 Kg6 57. Rh8 Rxh6 58. Rg8+ Kf7 59. Re8 Bc5 60. Kh2 Kxe8 0-1

[Event "Titled Tuesday intern op 25th Feb Early"]
[Site "Chess.com INT"]
[Date "2025.02.25"]
[Round "2"]
[White "Williams, Peter A"]
[Black "George Micheal, Kevin"]
[Result "1-0"]
[WhiteElo "2238"]
[BlackElo "2288"]
[PlyCount "103"]
[EventDate "2025.02.25"]
[EventType "swiss (blitz)"]
[EventRounds "11"]
[EventCountry "USA"]
[SourceTitle "CB10_2025"]
[SourceDate "2025.03.05"]
[SourceVersion "1"]
[SourceVersionDate "2025.03.05"]
[SourceQuality "1"]

1. f4 d5 2. Nf3 Nf6 3. d3 g6 4. c3 Bg7 5. Qc2 0-0 6. e4 c5 7. e5 Nfd7 8. d4 Nc6 9. Be3 f6 10. Be2 fxe5 11. fxe5 cxd4 12. cxd4 Qb6 13. Nc3 Ndxe5 14. Nxe5 Bxe5 15. Nxd5 Qa5+ 16. Bd2 Qxd5 17. Bc4 Be6 18. Bxd5 Bxd5 19. dxe5 Bxg2 20. Qb3+ Kg7 21. Rg1 Nd4 22. Qc3 Nf3+ 23. Ke2 Nxg1+ 24. Rxg1 Bf3+ 25. Ke3 Bc6 26. e6+ Kg8 27. Qe5 Rf6 28. Bc3 Rd8 29. Rf1 Rdf8 30. Rxf6 Rxf6 31. Qb8+ Rf8 32. Qxa7 h5 33. Qd4 Rf6 34. Qd8+ Rf8 35. Qxe7 Rf3+ 36. Ke2 Rxc3 37. bxc3 Bb5+ 38. Ke3 Bc4 39. Qf6 Kh7 40. e7 Bb5 41. Qf7+ Kh6 42. e8Q Bxe8 43. Qxe8 h4 44. Qb8 Kg5 45. Qxb7 Kg4 46. Qc6 g5 47. a4 Kh3 48. Qf3+ Kxh2 49. Kf2 h3 50. Qg3+ Kh1 51. Qxg5 h2 52. Qg2# 1-0

[Event "Titled Tuesday intern op 25th Feb Early"]
[Site "Chess.com INT"]
[Date "2025.02.25"]
[Round "3"]
[White "Williams, Peter A"]
[Black "Janik, Igor"]
[Result "1-0"]
[WhiteElo "2238"]
[BlackElo "2521"]
[PlyCount "111"]
[EventDate "2025.02.25"]
[EventType "swiss (blitz)"]
[EventRounds "11"]
[EventCountry "USA"]
[SourceTitle "CB10_2025"]
[SourceDate "2025.03.05"]
[SourceVersion "1"]
[SourceVersionDate "2025.03.05"]
[SourceQuality "1"]

1. f4 Nh6 2. Nf3 g6 3. e4 Bg7 4. d3 d5 5. e5 c5 6. c3 Nc6 7. d4 Bg4 8. dxc5 Nf5 9. Be2 e6 10. 0-0 a5 11. Bb5 0-0 12. Bxc6 bxc6 13. h3 Bxf3 14. Qxf3 a4 15. Be3 Qa5 16. Na3 Rfb8 17. Rab1 Bf8 18. Nc2 Nxe3 19. Nxe3 Qxc5 20. Kh1 a3 21. Ng4 Bg7 22. b4 Qc4 23. Nf6+ Bxf6 24. exf6 Qxa2 25. f5 exf5 26. Qf4 Kh8 27. Qh6 Rg8 28. Rbe1 Qc4 29. Rf4 a2 30. Rxc4 dxc4 31. Ra1 Ra3 32. Qd2 Rga8 33. Qd7 Kg8 34. Qd2 Kh8 35. Qh6 Rg8 36. Kh2 g5 37. Kg1 f4 38. Kf1 Raa8 39. Ke1 Rg6 40. Qh5 h6 41. Qe2 Rxf6 42. Qxc4 Re6+ 43. Kf2 Rd8 44. Rxa2 Kg7 45. b5 cxb5 46. Qxb5 Rd1 47. c4 Rf6 48. Qb2 Rdd6 49. Qc2 Rc6 50. c5 h5 51. Rb2 Kh6 52. Qc3 Kg6 53. Qd4 Rf5 54. Rb6 Rfxc5 55. Rxc6+ Rxc6 56. Qe4+ 1-0

[Event "Titled Tuesday intern op 11th Feb Early"]
[Site "Chess.com INT"]
[Date "2025.02.11"]
[Round "9"]
[White "Kuzuev, Danil"]
[Black "Williams, Peter A"]
[Result "0-1"]
[WhiteElo "2436"]
[BlackElo "2238"]
[PlyCount "142"]
[EventDate "2025.02.11"]
[EventType "swiss (blitz)"]
[EventRounds "11"]
[EventCountry "USA"]
[SourceTitle "CB09_2025"]
[SourceDate "2025.02.27"]
[SourceVersion "1"]
[SourceVersionDate "2025.02.27"]
[SourceQuality "1"]

1. e4 Nf6 2. Nc3 d5 3. exd5 Nxd5 4. Bc4 Nb6 5. Bb3 Nc6 6. Nf3 Bf5 7. d4 e6 8. 0-0 Be7 9. Ne2 Bg4 10. c3 Bxf3 11. gxf3 Bd6 12. Ng3 Qh4 13. Qe2 0-0 14. Qe4 Qh3 15. Qg4 Qxg4 16. fxg4 Rfe8 17. Be3 e5 18. Nf5 exd4 19. Nxd4 Nxd4 20. Bxd4 Re4 21. h3 Re2 22. Rab1 Re7 23. Rfd1 Rae8 24. Kf1 Bf4 25. Rd3 Nd7 26. Rf3 g5 27. Rd1 c5 28. Be3 Bxe3 29. fxe3 Ne5 30. Rf5 c4 31. Bc2 h6 32. Kf2 Ng6 33. Re1 Rd8 34. Re2 Re6 35. Rc5 Ne5 36. Bf5 Nd3+ 37. Bxd3 cxd3 38. Rd2 Rd7 39. Rc4 Rf6+ 40. Kg3 Re6 41. e4 Rde7 42. Kf3 Rf6+ 43. Ke3 Rb6 44. b3 Ra6 45. Rd4 Rc7 46. c4 Re6 47. Kxd3 Rf6 48. Ke3 Kg7 49. Rf2 Re6 50. Rf5 Rce7 51. Rfd5 Ra6 52. a4 Rb6 53. Rb5 Rbe6 54. Kd3 a6 55. Rf5 Rb6 56. Kc3 Rbe6 57. Kd3 Rb6 58. Kc3 Rbe6 59. e5 Rxe5 60. Rxe5 Rxe5 61. Rd7 Re3+ 62. Kb4 a5+ 63. Ka3 b6 64. Rd6 Re6 65. Rd3 Kf6 66. b4 axb4+ 67. Kxb4 Ke7 68. Kb5 f6 69. Kb4 Re5 70. Rc3 f5 71. gxf5 Rxf5 0-1

[Event "Titled Tuesday intern op 11th Feb Early"]
[Site "Chess.com INT"]
[Date "2025.02.11"]
[Round "7"]
[White "Williams, Peter A"]
[Black "Cuellar Montes, Alejandro"]
[Result "1-0"]
[WhiteElo "2238"]
[BlackElo "2194"]
[PlyCount "37"]
[EventDate "2025.02.11"]
[EventType "swiss (blitz)"]
[EventRounds "11"]
[EventCountry "USA"]
[SourceTitle "CB09_2025"]
[SourceDate "2025.02.27"]
[SourceVersion "1"]
[SourceVersionDate "2025.02.27"]
[SourceQuality "1"]

1. f4 e5 2. fxe5 d6 3. exd6 Bxd6 4. Nf3 g5 5. g3 g4 6. Nh4 Ne7 7. d4 Ng6 8. Nxg6 hxg6 9. Qd3 Nd7 10. Bg2 c5 11. c3 cxd4 12. cxd4 Nf6 13. Bg5 Qe7 14. Nc3 Bb4 15. 0-0 Bf5 16. e4 Bxc3 17. bxc3 Bxe4 18. Bxe4 Qxe4 19. Rae1 1-0

[Event "Titled Tuesday intern op 11th Feb Early"]
[Site "Chess.com INT"]
[Date "2025.02.11"]
[Round "1"]
[White "Williams, Peter A"]
[Black "Skatchkov, Pavel"]
[Result "0-1"]
[WhiteElo "2238"]
[BlackElo "2457"]
[PlyCount "62"]
[EventDate "2025.02.11"]
[EventType "swiss (blitz)"]
[EventRounds "11"]
[EventCountry "USA"]
[SourceTitle "CB09_2025"]
[SourceDate "2025.02.27"]
[SourceVersion "1"]
[SourceVersionDate "2025.02.27"]
[SourceQuality "1"]

1. f4 d5 2. Nf3 g6 3. d3 Bg7 4. c3 Nh6 5. Qc2 0-0 6. e4 dxe4 7. dxe4 e5 8. fxe5 Nc6 9. Bg5 Qe8 10. Bb5 a6 11. Bxc6 Qxc6 12. Nbd2 Ng4 13. 0-0-0 h6 14. Bf4 g5 15. Bg3 Ne3 16. Qd3 Nxd1 17. Rxd1 Be6 18. Nd4 Qc5 19. Nxe6 fxe6 20. Nb3 Qb5 21. c4 Qc6 22. Nd4 Qb6 23. Qc3 c5 24. Nb3 Rad8 25. Rxd8 Rxd8 26. Bf2 Qc7 27. Nxc5 Bxe5 28. Qh3 Bf4+ 29. Kc2 Rd2+ 30. Kb3 Qb6+ 31. Ka4 Rxb2 0-1

[Event "Titled Tuesday intern op 11th Feb Early"]
[Site "Chess.com INT"]
[Date "2025.02.11"]
[Round "2"]
[White "Zhauynbay, Aldiyar"]
[Black "Williams, Peter A"]
[Result "0-1"]
[WhiteElo "2109"]
[BlackElo "2238"]
[PlyCount "102"]
[EventDate "2025.02.11"]
[EventType "swiss (blitz)"]
[EventRounds "11"]
[EventCountry "USA"]
[SourceTitle "CB09_2025"]
[SourceDate "2025.02.27"]
[SourceVersion "1"]
[SourceVersionDate "2025.02.27"]
[SourceQuality "1"]

1. e4 Nf6 2. e5 Nd5 3. d4 d6 4. Nf3 g6 5. Be2 Bg7 6. 0-0 0-0 7. h3 Bf5 8. a3 c5 9. c4 Nb6 10. exd6 Qxd6 11. dxc5 Qxd1 12. Rxd1 Na4 13. Nd4 Bxb1 14. Rxb1 Nxc5 15. Bf3 Rd8 16. Be3 e5 17. Nb5 Nba6 18. b4 e4 19. bxc5 exf3 20. gxf3 Rxd1+ 21. Rxd1 Bf8 22. Nd6 Rd8 23. Rb1 b6 24. Nb7 Rb8 25. c6 Rc8 26. Rd1 Nb8 27. Rd8 Rxd8 28. Nxd8 Bd6 29. c5 Bc7 30. cxb6 axb6 31. Nb7 Nxc6 32. Kf1 Kf8 33. Ke2 Ke7 34. Kd3 Kd7 35. Nc5+ bxc5 36. Bxc5 Ne5+ 37. Ke4 f5+ 38. Kd5 Nxf3 39. a4 Ng5 40. h4 Nf3 41. Bb4 Nxh4 42. a5 Kc8 43. Kc6 Nf3 44. a6 Nd4+ 45. Kc5 Ne6+ 46. Kc6 Bb8 47. Kd5 Nc7+ 48. Ke5 Nxa6+ 49. Kf6 Nxb4 50. Kg7 h5 51. Kxg6 h4 0-1

[Event "Titled Tuesday intern op 04th Feb Early"]
[Site "Chess.com INT"]
[Date "2025.02.04"]
[Round "2"]
[White "Dong, Bao Nghia"]
[Black "Williams, Peter A"]
[Result "1-0"]
[WhiteElo "2221"]
[BlackElo "2238"]
[PlyCount "141"]
[EventDate "2025.02.04"]
[EventType "swiss (blitz)"]
[EventRounds "11"]
[EventCountry "USA"]
[SourceTitle "CB07_2025"]
[SourceDate "2025.02.12"]
[SourceVersion "1"]
[SourceVersionDate "2025.02.12"]
[SourceQuality "1"]

1. d4 Nf6 2. Bf4 c5 3. c3 Qb6 4. Qc2 d5 5. Nd2 e6 6. e3 Bd6 7. Bxd6 Qxd6 8. Ngf3 0-0 9. Be2 h6 10. 0-0 Nc6 11. dxc5 Qxc5 12. e4 d4 13. Nb3 d3 14. Bxd3 Qe7 15. e5 Nd5 16. Be4 Qc7 17. Rfe1 Kh8 18. Bxd5 exd5 19. Nbd4 Bg4 20. Nxc6 bxc6 21. Qd3 Bxf3 22. Qxf3 Rab8 23. Re2 Rfe8 24. Rae1 Re6 25. Qf5 c5 26. f4 d4 27. cxd4 cxd4 28. Qd3 Rd8 29. f5 Rc6 30. e6 fxe6 31. f6 gxf6 32. Rxe6 Rxe6 33. Rxe6 Qf4 34. g3 Qc1+ 35. Kg2 Qg5 36. Re7 Qd5+ 37. Kf2 f5 38. Qd2 Qc6 39. Rxa7 d3 40. Ra3 Qc5+ 41. Kg2 Qd5+ 42. Kh3 Qd6 43. Ra7 Qg6 44. Qc3+ Kg8 45. Qc4+ Kh8 46. Qc3+ Kg8 47. Qd2 Qg4+ 48. Kg2 Qe2+ 49. Qxe2 dxe2 50. Kf2 Rd2 51. b4 Rb2 52. b5 Kf8 53. b6 e1N+ 54. Kxe1 Rxb6 55. Kf2 Rb2+ 56. Kf3 Rxh2 57. Kf4 Rf2+ 58. Ke5 Rf3 59. Kf6 Ke8 60. Rg7 f4 61. g4 Ra3 62. Re7+ Kd8 63. Re2 f3 64. Rf2 Kd7 65. Kg6 Ra4 66. Kh5 Ke7 67. Rxf3 Rxa2 68. Kxh6 Ra6+ 69. Kg7 Ra5 70. Rf5 Ra7 71. Rf7+ 1-0

[Event "Titled Tuesday intern op 04th Feb Early"]
[Site "Chess.com INT"]
[Date "2025.02.04"]
[Round "5"]
[White "Korol, Dimitry"]
[Black "Williams, Peter A"]
[Result "0-1"]
[WhiteElo "2287"]
[BlackElo "2238"]
[PlyCount "50"]
[EventDate "2025.02.04"]
[EventType "swiss (blitz)"]
[EventRounds "11"]
[EventCountry "USA"]
[SourceTitle "CB07_2025"]
[SourceDate "2025.02.12"]
[SourceVersion "1"]
[SourceVersionDate "2025.02.12"]
[SourceQuality "1"]

1. d4 Nf6 2. c4 c5 3. d5 b5 4. Nd2 bxc4 5. e4 c3 6. bxc3 g6 7. Qc2 d6 8. Ngf3 Bg7 9. Bd3 0-0 10. Rb1 e5 11. 0-0 Nbd7 12. Nc4 Nb6 13. h3 Nxc4 14. Bxc4 Nh5 15. Bb5 Rb8 16. Bg5 f6 17. Bd2 f5 18. Bc6 Rxb1 19. Rxb1 fxe4 20. Ng5 Bf5 21. Nxe4 Nf4 22. f3 Bxh3 23. Bxf4 Rxf4 24. gxh3 Qh4 25. Qg2 Bh6 0-1

[Event "Titled Tuesday intern op 04th Feb Early"]
[Site "Chess.com INT"]
[Date "2025.02.04"]
[Round "9"]
[White "Williams, Peter A"]
[Black "Alonso, Raphael VP Patricio"]
[Result "1-0"]
[WhiteElo "2238"]
[BlackElo "2130"]
[PlyCount "53"]
[EventDate "2025.02.04"]
[EventType "swiss (blitz)"]
[EventRounds "11"]
[EventCountry "USA"]
[SourceTitle "CB07_2025"]
[SourceDate "2025.02.12"]
[SourceVersion "1"]
[SourceVersionDate "2025.02.12"]
[SourceQuality "1"]

1. f4 d5 2. Nf3 g6 3. d3 Bg7 4. c3 Nf6 5. Qc2 0-0 6. e4 dxe4 7. dxe4 c5 8. Na3 b6 9. Bd2 Bb7 10. Bd3 a6 11. e5 Nd5 12. 0-0-0 Qc7 13. h4 f6 14. h5 f5 15. hxg6 hxg6 16. Ng5 Bc8 17. g3 b5 18. c4 bxc4 19. Bxc4 e6 20. Be1 Ne3 21. Qh2 Re8 22. Qh7+ Kf8 23. Qxg6 Bh8 24. Rxh8+ Ke7 25. Rh7+ Kf8 26. Rxc7 Nxd1 27. Nh7# 1-0

[Event "Titled Tuesday intern op 28th Jan Early"]
[Site "Chess.com INT"]
[Date "2025.01.28"]
[Round "2"]
[White "Balaji, Aaravamudhan"]
[Black "Williams, Peter A"]
[Result "1-0"]
[WhiteElo "2350"]
[BlackElo "2238"]
[PlyCount "83"]
[EventDate "2025.01.28"]
[EventType "swiss (blitz)"]
[EventRounds "11"]
[EventCountry "USA"]
[SourceTitle "CB06_2025"]
[SourceDate "2025.02.05"]
[SourceVersion "1"]
[SourceVersionDate "2025.02.05"]
[SourceQuality "1"]

1. b4 Nf6 2. Bb2 g6 3. e3 Bg7 4. d4 0-0 5. Nf3 a6 6. Be2 Nc6 7. a3 d5 8. 0-0 Bg4 9. Nbd2 Re8 10. h3 Bxf3 11. Nxf3 Ne4 12. c4 dxc4 13. Bxc4 e6 14. Qc2 Nd6 15. Bb3 Qe7 16. Rac1 Rac8 17. Rfd1 a5 18. d5 exd5 19. Bxd5 axb4 20. Bxc6 bxc6 21. Bxg7 Kxg7 22. Qb2+ Kg8 23. axb4 Rb8 24. Rxc6 Qe4 25. Rxc7 Rxb4 26. Qf6 Re6 27. Qd8+ Ne8 28. Rc8 Rb1 29. Ng5 Rxd1+ 30. Qxd1 Qb7 31. Qc2 Re7 32. Qc3 Qd7 33. Nf3 Qd1+ 34. Kh2 Qd6+ 35. g3 Qd7 36. h4 Qb7 37. Ng5 h5 38. Qc4 Qd7 39. Rb8 Re5 40. Ne4 Kg7 41. Qc3 Qe7 42. f4 1-0

[Event "Titled Tuesday intern op 28th Jan Early"]
[Site "Chess.com INT"]
[Date "2025.01.28"]
[Round "5"]
[White "Williams, Peter A"]
[Black "Domin, Yan"]
[Result "0-1"]
[WhiteElo "2238"]
[BlackElo "2270"]
[PlyCount "36"]
[EventDate "2025.01.28"]
[EventType "swiss (blitz)"]
[EventRounds "11"]
[EventCountry "USA"]
[SourceTitle "CB06_2025"]
[SourceDate "2025.02.05"]
[SourceVersion "1"]
[SourceVersionDate "2025.02.05"]
[SourceQuality "1"]

1. f4 c5 2. Nf3 Nc6 3. e3 g6 4. d4 d5 5. c3 b6 6. Bd3 Nh6 7. 0-0 Bg7 8. Nbd2 0-0 9. Ne5 Qc7 10. Qe2 Nf5 11. g4 Nd6 12. h4 f6 13. Nxc6 Qxc6 14. e4 dxe4 15. Nxe4 Bb7 16. Nxd6 Qh1+ 17. Kf2 Qxh4+ 18. Kg1 Qg3+ 0-1

[Event "Titled Tuesday intern op 28th Jan Early"]
[Site "Chess.com INT"]
[Date "2025.01.28"]
[Round "10"]
[White "Williams, Peter A"]
[Black "Gibala, Adam"]
[Result "0-1"]
[WhiteElo "2238"]
[BlackElo "2204"]
[PlyCount "114"]
[EventDate "2025.01.28"]
[EventType "swiss (blitz)"]
[EventRounds "11"]
[EventCountry "USA"]
[SourceTitle "CB06_2025"]
[SourceDate "2025.02.05"]
[SourceVersion "1"]
[SourceVersionDate "2025.02.05"]
[SourceQuality "1"]

1. f4 b6 2. e4 Bb7 3. d3 e6 4. Nf3 d5 5. Nc3 Bb4 6. Bd2 Nd7 7. Be2 Ne7 8. 0-0 0-0 9. exd5 exd5 10. d4 Nf6 11. Ne5 Bxc3 12. Bxc3 Ne4 13. Bd3 f6 14. Nf3 Nf5 15. Re1 Nfd6 16. Bb4 c5 17. dxc5 bxc5 18. Ba3 Qb6 19. Kh1 Rfd8 20. Qe2 Re8 21. Qf1 Rad8 22. c3 c4 23. Bc2 Nf2+ 24. Kg1 Nd3+ 25. Nd4 Nxe1 26. Rxe1 Nb5 27. Rd1 Nxd4 28. cxd4 Qe6 29. Kh1 Qe2 30. Ba4 Qxf1+ 31. Rxf1 Re2 32. Rd1 Bc8 33. Kg1 Bd7 34. Bxd7 Rxd7 35. Kf1 Re4 36. g3 g5 37. f5 g4 38. Kf2 Rg7 39. Re1 Rxe1 40. Kxe1 Rg5 41. Bc5 Rxf5 42. Bxa7 Rf3 43. Bc5 f5 44. a4 Rb3 45. a5 Rxb2 46. a6 Ra2 47. a7 Kf7 48. Kd1 Ke6 49. Kc1 Kd7 50. Kb1 Ra4 51. Kb2 Kc6 52. Kc3 Kb7 53. Kd2 Ra2+ 54. Ke3 Rxh2 55. Kf4 c3 56. Kxf5 c2 57. a8N Kxa8 0-1

[Event "Titled Tuesday intern op 14th Jan Early"]
[Site "Chess.com INT"]
[Date "2025.01.14"]
[Round "2"]
[White "Da Silva, Lucas Pereira Mende"]
[Black "Williams, Peter A"]
[Result "1-0"]
[WhiteElo "2089"]
[BlackElo "2238"]
[PlyCount "39"]
[EventDate "2025.01.14"]
[EventType "swiss (blitz)"]
[EventRounds "11"]
[EventCountry "USA"]
[SourceTitle "CB04_2025"]
[SourceDate "2025.01.22"]
[SourceVersion "1"]
[SourceVersionDate "2025.01.22"]
[SourceQuality "1"]

1. e4 d5 2. exd5 Qxd5 3. Nc3 Qd6 4. d4 Nf6 5. Nf3 c6 6. Ne5 Nbd7 7. Nc4 Qc7 8. Qf3 Nb6 9. Bf4 Qd7 10. Ne5 Qxd4 11. Bd3 Nbd5 12. Nxd5 Nxd5 13. Bg3 Qb4+ 14. c3 Nxc3 15. Qxf7+ Kd8 16. 0-0 Nd5 17. Bc4 e6 18. Bxd5 cxd5 19. Nc6+ bxc6 20. Bc7# 1-0

[Event "Titled Tuesday intern op 14th Jan Early"]
[Site "Chess.com INT"]
[Date "2025.01.14"]
[Round "7"]
[White "Williams, Peter A"]
[Black "Andrade, Ivan"]
[Result "0-1"]
[WhiteElo "2238"]
[BlackElo "2161"]
[PlyCount "66"]
[EventDate "2025.01.14"]
[EventType "swiss (blitz)"]
[EventRounds "11"]
[EventCountry "USA"]
[SourceTitle "CB04_2025"]
[SourceDate "2025.01.22"]
[SourceVersion "1"]
[SourceVersionDate "2025.01.22"]
[SourceQuality "1"]

1. f4 b6 2. e4 Bb7 3. d3 e5 4. fxe5 d6 5. exd6 Bxd6 6. Nf3 Ne7 7. Be3 Nd7 8. Nc3 0-0 9. Be2 Ne5 10. Nxe5 Bxe5 11. d4 Bd6 12. Qd2 Bb4 13. Bf3 f5 14. e5 Bxf3 15. gxf3 f4 16. Bf2 Nd5 17. a3 Bxc3 18. bxc3 b5 19. Qd3 Kh8 20. a4 a6 21. axb5 axb5 22. Kd2 c6 23. Rhg1 Nb6 24. Qe4 Nc4+ 25. Ke2 Qd7 26. Rxa8 Rxa8 27. Qxf4 Qe7 28. Bh4 Qe6 29. Qg4 Qf7 30. e6 Re8 31. Kd1 Rxe6 32. Re1 Rxe1+ 33. Bxe1 Ne3+ 0-1

[Event "Titled Tuesday intern op 14th Jan Early"]
[Site "Chess.com INT"]
[Date "2025.01.14"]
[Round "3"]
[White "Williams, Peter A"]
[Black "Begunov, Konstantin"]
[Result "0-1"]
[WhiteElo "2238"]
[BlackElo "2325"]
[PlyCount "72"]
[EventDate "2025.01.14"]
[EventType "swiss (blitz)"]
[EventRounds "11"]
[EventCountry "USA"]
[SourceTitle "CB04_2025"]
[SourceDate "2025.01.22"]
[SourceVersion "1"]
[SourceVersionDate "2025.01.22"]
[SourceQuality "1"]

1. f4 g6 2. Nf3 Bg7 3. d4 d5 4. e3 Bg4 5. c3 Nf6 6. Bd3 Ne4 7. 0-0 e6 8. h3 Bxf3 9. Qxf3 f5 10. Nd2 c5 11. dxc5 Nxc5 12. Bc2 Nc6 13. b4 Ne4 14. b5 Na5 15. Nxe4 fxe4 16. Qg4 Qe7 17. Bb2 Nc4 18. Rab1 Nxb2 19. Rxb2 Bxc3 20. Rb3 Bf6 21. Bd1 0-0 22. Be2 Rac8 23. Rfb1 Rc2 24. Bd1 Rxa2 25. b6 a6 26. Rc1 Qd6 27. Rc7 Ra1 28. h4 Kh8 29. h5 gxh5 30. Qxh5 Bg7 31. Rxb7 d4 32. Qg4 Rg8 33. Kh2 dxe3 34. Be2 Be5 35. fxe5 Qxe5+ 36. Kh3 Rh1# 0-1

[Event "Titled Tuesday intern op 14th Jan Early"]
[Site "Chess.com INT"]
[Date "2025.01.14"]
[Round "1"]
[White "Williams, Peter A"]
[Black "Casiguran, Phil Martin"]
[Result "0-1"]
[WhiteElo "2238"]
[BlackElo "2116"]
[PlyCount "52"]
[EventDate "2025.01.14"]
[EventType "swiss (blitz)"]
[EventRounds "11"]
[EventCountry "USA"]
[SourceTitle "CB04_2025"]
[SourceDate "2025.01.22"]
[SourceVersion "1"]
[SourceVersionDate "2025.01.22"]
[SourceQuality "1"]

1. f4 d5 2. Nf3 Nf6 3. e3 c5 4. b3 Nc6 5. Bb5 Qc7 6. Bb2 Bd7 7. 0-0 e6 8. Bxc6 Bxc6 9. Ne5 Be7 10. d3 Nd7 11. Nd2 Nxe5 12. Bxe5 Qd7 13. Bxg7 Rg8 14. Bb2 d4 15. e4 f6 16. Qh5+ Kd8 17. Qxh7 Kc7 18. Qh3 Rh8 19. Qf3 Rag8 20. Qe2 e5 21. f5 Bf8 22. Rf3 Bh6 23. Nf1 Qg7 24. Bc1 Be8 25. Bxh6 Qxh6 26. Rh3 Qxh3 0-1